| 000 | 00476pab a2200169 454500 | ||
|---|---|---|---|
| 008 | 180718b2010 xxu||||| |||| 00| 0 eng d | ||
| 100 | _aNegi, Pushpa et al. | ||
| 245 | _aWorking capital management and firm's performance - a study of Indian manufacturing companies | ||
| 260 | _c2010 | ||
| 300 | _ap.37-44. | ||
| 362 | _aApr-Jun | ||
| 650 | _aIndia - Manufacturing industries | ||
| 650 | _aManufacturing industry | ||
| 773 | _aAbhigyan | ||
| 908 | _aN | ||
| 909 | _a87429 | ||
| 999 |
_c87429 _d87429 |
||